| 000 | 00772nam a2200241 a 4500 | ||
|---|---|---|---|
| 001 | 000021023 | ||
| 003 | DO-SdBNP | ||
| 005 | 20250204092151.0 | ||
| 008 | 100830s1978 dr 001 0 spa d | ||
| 040 |
_aDO-SdBNP _bspa _cBNPHU |
||
| 049 | _aBNPD | ||
| 082 | 4 |
_aRD868.408 _bP195p _222 |
|
| 245 | 0 | 0 |
_aPanorama de la prosa en Moca / _ccompilador Julio Jaime Julia. |
| 260 |
_aSanto Domingo : _bTaller, _c1978. |
||
| 300 |
_av. ; _c23 cm. |
||
| 500 | _aLa biblioteca posee el v. 1 | ||
| 650 | 4 |
_aProsa dominicana _xColecciones _913121 |
|
| 650 | 4 |
_aIntelectuales _zMoca (República Dominicana) _943987 |
|
| 650 | 0 |
_aLiteratura dominicana. _967 |
|
| 700 | 1 |
_aJulia, Julio Jaime _d1922-1993 _ecomp. _920185 |
|
| 910 | _aValidado. Control de calidad EMS | ||
| 942 |
_2ddc _cLBS1 |
||
| 999 |
_c20526 _d20526 |
||